Nová úprava úrokov z omeškania s účinnosťou od 1. februára 2004
S účinnosťou od 1. februára 2004 zákonom č. 530/2003 Z.z. o obchodnom registri a o zmene a doplnení niektorých zákonov bol okrem iného novelizovaný aj Obchodný zákonník. Jednou z významných zmien Obchodného zákonníka je aj zmena ustanovenia par. 369 ktoré sa týka úrokov z omeškania.
Uložené v:
| Hlavný autor: | |
|---|---|
| Médium: | Kapitola |
| Jazyk: | Slovak |
| Predmet: | |
| Tagy: |
Žiadne tagy, Buďte prvý, kto otaguje tento záznam!
|
MARC
| LEADER | 00000naa$a2200000$$$4500 | ||
|---|---|---|---|
| 001 | 0012510 | ||
| 005 | 20240502071357.8 | ||
| 041 | 0 | |a slo | |
| 044 | |a SK | ||
| 245 | 1 | 0 | |a Nová úprava úrokov z omeškania s účinnosťou od 1. februára 2004 |c aut. Anna Schultzová |
| 520 | |a S účinnosťou od 1. februára 2004 zákonom č. 530/2003 Z.z. o obchodnom registri a o zmene a doplnení niektorých zákonov bol okrem iného novelizovaný aj Obchodný zákonník. Jednou z významných zmien Obchodného zákonníka je aj zmena ustanovenia par. 369 ktoré sa týka úrokov z omeškania. | ||
| 610 | 2 | 0 | |a register obchodný |
| 610 | 2 | 0 | |a zákony |
| 610 | 2 | 0 | |a úpravy právne |
| 610 | 2 | 0 | |a úrok z omeškania |
| 610 | 2 | 0 | |a Slovensko |
| 100 | 1 | |a Schultzová, Anna | |